| 000 | 01167cam a2200313 a 4500 | ||
|---|---|---|---|
| 001 | 000010879 | ||
| 005 | 20200929162318.0 | ||
| 008 | 840830s1956 sp ab 001 0 spa d | ||
| 040 |
_aDO-SdBNP _cCarP _dDLC _dBNPHU |
||
| 041 | 1 | 7 |
_aspa _hger _2Código de idioma MARC |
| 046 | _aBNGR | ||
| 082 |
_a551.5 _bF593t, 1956 |
||
| 100 | 1 |
_aFlechtner, Hans Joachim, _d1902- _926238 |
|
| 240 | 0 | 0 |
_aDu und das wetter, _lEspañol. |
| 245 | 1 | 0 |
_aTú y el tiempo : _bvisión de la moderna meteorología y de sus principios científicos / _cHans-Joachim Flechtner ; traducción de Francisco Biosca, José María Vidal Llenas. |
| 250 | _a2a ed. actualizada y ampliada | ||
| 260 |
_aBarcelona : _bLabor, _c1956. |
||
| 300 |
_a420 p. : _bil., mapas ; _c22 cm. |
||
| 490 | 1 | _aLibros de hoy | |
| 500 | _aIncluye índice | ||
| 534 |
_pTítulo orignal en alemán: _tFlechtner, du und das wetter, |
||
| 650 | 4 |
_aMeteorología _93251 |
|
| 650 | 4 |
_aEstado atmosférico _926239 |
|
| 650 | 4 |
_aClimatología _93253 |
|
| 700 | 1 |
_aBiosca, Francisco, _etr. _926240 |
|
| 700 | 1 |
_aVidal Llenas, José María, _etr. _926241 |
|
| 830 | 0 |
_aLibros de hoy _926242 |
|
| 910 | _aCatalogación derivada | ||
| 999 |
_c10627 _d10627 |
||